000 00599nam a2200229Ia 4500
003 OSt
005 20221007072232.0
006 a|||||r|||| 00| 0
007 ta
008 221006b |||||||| |||| 00| 0 eng d
024 _a26,870
037 _cTextual
040 _aFLL
_cFLL
_beng
041 _2eng
_aeng
082 _aW:2y7, J8;1
100 _aStrong C.F.
245 0 _aModern political constitutions
260 _aLondon
_bSidgwick & Jackson Ltd. London
_c1958
300 _ax,1-383p
_ccm.
942 _hW:2y7, J8;1
_cTEXL
_2CC
999 _c1145508
_d1145508